Literatura puertorriquena : 21 conferencias.

Bibliographic Details
Format: Book
Language:Spanish
Published: San Juan de Puerto Rico : Instituto de Cultura Puertorriquena, 1969.
Subjects:

MARC

Tag First Indicator Second Indicator Subfields
LEADER 00000cam a2200000 4500
001 in00000183421
005 20151008092933.0
008 750404s1969 pr b 00000 spa d
010 |a  70499738  
025 |a LACAP70-1292 
035 |a (OCoLC)01252129 
035 |9 AAU4765AM 
040 |a NAM  |c NAM  |d TXA  |d UtOrBLW 
049 |a TXAM  |c [1340799] 
050 0 0 |a PQ7423  |b .L5 
245 0 0 |a Literatura puertorriquena :  |b 21 conferencias. 
264 1 |a San Juan de Puerto Rico :  |b Instituto de Cultura Puertorriquena,  |c 1969. 
300 |a 616 pages ;  |c 22 cm. 
336 |a text  |b txt  |2 rdacontent 
337 |a unmediated  |b n  |2 rdamedia 
338 |a volume  |b nc  |2 rdacarrier 
500 |a "Este tomo recoge las disertaciones ... pronunciadas por literatos, investigadores y criticos puertorriquenos en la Biblioteca General de la Universidad de Puerto Rico y en el Instituto de Cultura Puertorriquena, durante el periodo comprendido entre el 15 de noviembre de 1957 y el 20 de junio de 1958." 
504 |a Includes bibliographies. 
650 0 |a Puerto Rican literature. 
999 |a MARS 
999 f f |s 1be16f43-7229-341a-989e-1c2c621cf42d  |i 777c783f-a83a-34ff-bf70-158191ecf12d  |t 0 
952 f f |p normal  |a Texas A&M University  |b College Station  |c Sterling C. Evans Library  |d Evans: Library Stacks  |t 0  |e PQ7423 .L5  |h Library of Congress classification  |i unmediated -- volume  |m A14803829345 
998 f f |a PQ7423 .L5  |t 0  |l Evans: Library Stacks